Atlas lingüístico-etnográfico del sur de Chile: ALESUCH

Gespeichert in:
Bibliographische Detailangaben
1. Verfasser: Araya, Guillermo (VerfasserIn)
Format: Buch
Sprache:Spanisch
Veröffentlicht: Valdivia Universidad Austral de Chile 1968
Schlagworte:
Tags: Tag hinzufügen
Keine Tags, Fügen Sie den ersten Tag hinzu!

MARC

LEADER 00000nam a2200000 a 4500
001 UCP3605
003 CL-VaPUC
008 990625e19680000CL |||||||||||||||||spa|d
082 0 4 |a 498.3  |b ARA  |2 21 
100 0 |a Araya, Guillermo  |e author  |9 430956 
245 1 0 |a Atlas lingüístico-etnográfico del sur de Chile: ALESUCH 
300 |a 76 p 
942 |c BK 
945 |d 19990625 00:00:00  |a lriquelm 
260 |a Valdivia  |b Universidad Austral de Chile  |c 1968 
500 |a Es el Anejos N§ 1 de Estudios Filológicos 
650 0 |a Mapas  |9 260844 
650 7 |a LENGUAS INDIGENAS  |2 CL-VaPUC  |9 430957 
650 0 |a Etnolingüística  |9 341076 
650 0 |a Etnografía   |9 309735 
651 7 |a CHILE  |2 CL-VaPUC  |9 430958 
583 |a last modification  |c 19990625 00:00:00  |k Rodrigo Vera 
999 |c 281870  |d 281868 
952 |0 0  |1 0  |4 0  |6 498_300000000000000_ARA_1968  |7 0  |8 A  |9 322920  |a BIBHIS  |b BIBHIS  |d 2019-11-20  |i 1362593  |o 498.3 ARA 1968  |p 1362593  |r 2025-01-20  |w 2019-11-20  |y BK  |k HIS 
952 |0 0  |1 0  |4 0  |6 498_300000000000000_ARA_1968  |7 0  |8 A  |9 322921  |a FDOPOS  |b FDOPOS  |d 2019-11-20  |i 4270592  |o 498.3 ARA 1968  |p 4270592  |r 2025-01-22  |w 2019-11-20  |y BK  |k MLA 
952 |0 0  |1 0  |4 0  |6 498_300000000000000_ARA_1968  |7 0  |8 A  |9 322922  |a FDOPOS  |b FDOPOS  |d 2019-11-20  |i 4516443  |o 498.3 ARA 1968  |p 4516443  |r 2025-01-22  |w 2019-11-20  |y BK  |k MLA